000 00941nam a2200277 a 4500
001 BRCA_4971
005 20190320204901.0
008 721208s1957####u--a#####b---#000-0#eng-c
041 _aeng
044 _au
050 4 _aN6868
_b.K86 1957
100 1 _aKuhn, Charles Louis
_912648
245 1 0 _aGerman expressionism and abstract art
_bthe Harvard collections
_cby Charles L. Kuhn ; with an introductory essay by Jakob Rosenberg.
260 _aMassachusetts
_bHarvard University
_c1957
300 _axiv, 151 p.
_bil., 80 h. de ilustraciones
_c28 cm.
500 _aIncluye lista de ilustraciones
500 _aDD13
504 _aBibliografía : p. 125-127
504 _aReferencias bibliográficas en ´Biographies´: p. 129-147
650 1 4 _aArte alemán
_911881
650 1 4 _aExpresionismo
_zAlemania
_912649
650 1 4 _aArte abstracto
_zAlemania
_912650
700 1 _aRosenberg, Jakob
_912651
902 _aGFM
942 _2lcc
_cB
999 _c4665
_d4665